Caminos solidarios de la economía argentina : redes innovadoras para la integración /
Guardado en:
| Otros Autores: | |
|---|---|
| Formato: | Libro |
| Idioma: | Spanish |
| Publicado: |
Buenos Aires :
Ediciones CICCUS,
2004.
|
| Materias: | |
| Etiquetas: |
Agregar Etiqueta
Sin Etiquetas, Sea el primero en etiquetar este registro!
|
| LEADER | 01057nam a22002415a 4500 | ||
|---|---|---|---|
| 001 | EAD.ead000511 | ||
| 008 | 060807s2004####ag#######b####000#0#spa#d | ||
| 005 | 20161012133116.0 | ||
| 245 | 0 | 0 | |a Caminos solidarios de la economía argentina : |b redes innovadoras para la integración / |c Floreal H. Forni (compilador) ... [et al.]. |
| 260 | |a Buenos Aires : |b Ediciones CICCUS, |c 2004. | ||
| 300 | |a 312 p. ; |c 23 cm. | ||
| 504 | |a Incluye referencias bibliográficas. | ||
| 020 | |a 9879355199 | ||
| 100 | 1 | |a Forni, Floreal H. |4 com | |
| 082 | 0 | 4 | |a 330.1559 |2 21 |
| 650 | 7 | |a Economía social. |2 isoc | |
| 650 | 7 | |a Política social. |2 unbist | |
| 650 | 7 | |a Estudios de casos. |2 unbist | |
| 653 | |a Emprendimientos productivos | ||
| 859 | |a AR-BaBDC |b BIB. ADMINISTRACION GABCOOP - Libros |h 330.1559 |i F768 |p g01191 | ||
| 859 | |a AR-BaBDC |b BIB. ADMINISTRACION GABCOOP - Libros |h 330.1559 |i F768 |p g01216 |t Ej.2 | ||
| 859 | |a AR-BaBDC |b BIB. ADMINISTRACION GABCOOP - Libros |h 330.1559 |i F768 |p g01273 |t Ej.3 | ||
| 859 | |a AR-BaBDC |b BIB. ADMINISTRACION GABCOOP - Libros |h 330.1559 |i F768 |p g01404 |t Ej.4 | ||
